LIBRARY & INFORMATION CENTRE, KCAET, TAVANUR

ONLINE PUBLIC ACCESS CATALOGUE (OPAC)

Dan Applemans developing COM/ACTIVEX/components with visual basic 6 / (Record no. 9532)

MARC details
000 -LEADER
fixed length control field 00493cam a2200181ua 4500
020 ## - INTERNATIONAL STANDARD BOOK NUMBER
ISBN 81 7635 201 2
041 ## - LANGUAGE CODE
Language code of text/sound track or separate title eng
082 ## - DEWEY DECIMAL CLASSIFICATION NUMBER
Classification number 005.369
Item number APP/DA
100 ## - MAIN ENTRY--AUTHOR NAME
Personal name Appleman, Dan .
245 ## - TITLE STATEMENT
Title Dan Applemans developing COM/ACTIVEX/components with visual basic 6 /
250 ## - EDITION STATEMENT
Edition statement 1 /
260 ## - PUBLICATION, DISTRIBUTION, ETC. (IMPRINT)
Place of publication Newdelhi :
Name of publisher Techmedia ,
Year of publication 1999.
300 ## - PHYSICAL DESCRIPTION
Number of Pages 858 ; .
942 ## - ADDED ENTRY ELEMENTS (KOHA)
Koha item type Books
Holdings
Withdrawn status Lost status Damaged status Home library Current library Date acquired Full call number Accession Number Koha item type
      KAUAET KAUAET 07/04/2012 005.369 20430 Books
free website counter